<?xml version="1.0" encoding="UTF-8"?><?xml-stylesheet type="text/xsl" href="static/style.xsl"?><OAI-PMH xmlns="http://www.openarchives.org/OAI/2.0/" xmlns:xsi="http://www.w3.org/2001/XMLSchema-instance" xsi:schemaLocation="http://www.openarchives.org/OAI/2.0/ http://www.openarchives.org/OAI/2.0/OAI-PMH.xsd"><responseDate>2026-04-18T06:14:06Z</responseDate><request verb="GetRecord" identifier="oai:www.recercat.cat:20.500.12327/3067" metadataPrefix="marc">https://recercat.cat/oai/request</request><GetRecord><record><header><identifier>oai:recercat.cat:20.500.12327/3067</identifier><datestamp>2025-10-22T11:22:58Z</datestamp><setSpec>com_2072_4428</setSpec><setSpec>com_2072_4427</setSpec><setSpec>col_2072_487898</setSpec></header><metadata><record xmlns="http://www.loc.gov/MARC21/slim" xmlns:dcterms="http://purl.org/dc/terms/" xmlns:xsi="http://www.w3.org/2001/XMLSchema-instance" xmlns:doc="http://www.lyncode.com/xoai" xsi:schemaLocation="http://www.loc.gov/MARC21/slim http://www.loc.gov/standards/marcxml/schema/MARC21slim.xsd">
   <leader>00925njm 22002777a 4500</leader>
   <datafield ind2=" " ind1=" " tag="042">
      <subfield code="a">dc</subfield>
   </datafield>
   <datafield ind2=" " ind1=" " tag="720">
      <subfield code="a">Balcells, Ingrid</subfield>
      <subfield code="e">author</subfield>
   </datafield>
   <datafield ind2=" " ind1=" " tag="720">
      <subfield code="a">Castelló, Anna</subfield>
      <subfield code="e">author</subfield>
   </datafield>
   <datafield ind2=" " ind1=" " tag="720">
      <subfield code="a">Mercadé, Anna</subfield>
      <subfield code="e">author</subfield>
   </datafield>
   <datafield ind2=" " ind1=" " tag="720">
      <subfield code="a">Noguera, José Luis</subfield>
      <subfield code="e">author</subfield>
   </datafield>
   <datafield ind2=" " ind1=" " tag="720">
      <subfield code="a">Fernández-Rodríguez, Amanda</subfield>
      <subfield code="e">author</subfield>
   </datafield>
   <datafield ind2=" " ind1=" " tag="720">
      <subfield code="a">Sànchez, Armand</subfield>
      <subfield code="e">author</subfield>
   </datafield>
   <datafield ind2=" " ind1=" " tag="720">
      <subfield code="a">Tomàs, Anna</subfield>
      <subfield code="e">author</subfield>
   </datafield>
   <datafield ind2=" " ind1=" " tag="260">
      <subfield code="c">2011-10-31</subfield>
   </datafield>
   <datafield ind2=" " ind1=" " tag="520">
      <subfield code="a">Background: Reproductive traits, such as prolificacy, are of great interest to the pig industry. Better understanding&#xd;
of their genetic architecture should help to increase the efficiency of pig productivity through the implementation&#xd;
of marker assisted selection (MAS) programmes.&#xd;
Results: The Mucin 4 (MUC4) gene has been evaluated as a candidate gene for a prolificacy QTL described in an&#xd;
Iberian × Meishan (Ib × Me) F2 intercross. For association analyses, two previously described SNPs (DQ124298:&#xd;
g.243A&gt;G and DQ124298:g.344A>G) were genotyped in 347 pigs from the Ib × Me population. QTL for the&#xd;
number of piglets born alive (NBA) and for the total number of piglets born (TNB) were confirmed on SSC13 at&#xd;
positions 44 cM and 51 cM, respectively. The MUC4 gene was successfully located within the confidence intervals&#xd;
of both QTL. Only DQ124298:g.344A>G MUC4 polymorphism was significantly associated with both NBA and TNB&#xd;
(P-value &lt; 0.05) with favourable effects coming from the Meishan origin. MUC4 expression level was determined in&#xd;
F2 sows displaying extreme phenotypes for the number of embryos (NE) at 30-32 days of gestation. Differences in&#xd;
the uterine expression of MUC4 were found between high (NE ≥ 13) and low (NE ≤ 11) prolificacy sows. Overall,&#xd;
MUC4 expression in high prolificacy sows was almost two-fold increased compared with low prolificacy sows.&#xd;
Conclusions: Our data suggest that MUC4 could play an important role in the establishment of an optimal uterine&#xd;
environment that would increase embryonic survival during pig gestation.</subfield>
   </datafield>
   <datafield ind1="8" ind2=" " tag="024">
      <subfield code="a">Balcells, Ingrid, Anna Castelló, Anna Mercadé, José L Noguera, Amanda Fernández-Rodríguez, Armand Sànchez, and Anna Tomàs. 2011. “Analysis of Porcine MUC4 Gene as a Candidate Gene for Prolificacy QTL on SSC13 in an Iberian × Meishan F2 Population.” BMC Genomic Data 12 (1): 93. doi: 10.1186/1471-2156-12-93</subfield>
   </datafield>
   <datafield ind1="8" ind2=" " tag="024">
      <subfield code="a">1471-2156</subfield>
   </datafield>
   <datafield ind1="8" ind2=" " tag="024">
      <subfield code="a">http://hdl.handle.net/20.500.12327/3067</subfield>
   </datafield>
   <datafield ind1="8" ind2=" " tag="024">
      <subfield code="a">https://doi.org/10.1186/1471-2156-12-93</subfield>
   </datafield>
   <datafield ind2="0" ind1="0" tag="245">
      <subfield code="a">Analysis of porcine MUC4 gene as a candidate gene for prolificacy QTL on SSC13 in an Iberian × Meishan F2 population</subfield>
   </datafield>
</record></metadata></record></GetRecord></OAI-PMH>